书目信息 |
| 题名: |
晶体管扩音机
|
|
| 作者: | ;上海无线电十八厂 编 | |
| 分册: | ||
| 出版信息: | 上海 上海科学技术出版社 1979 |
|
| 页数: | 94页 | |
| 开本: | 19cm | |
| 丛书名: | ||
| 单 册: | ||
| 中图分类: | TN931 | |
| 科图分类: | ||
| 主题词: | 广播设备 | |
| 电子资源: | ||
| ISBN: | ||
| 000 | 00647nam0 2200229 45 | |
| 001 | 0179006101 | |
| 005 | 20060814164238.82 | |
| 010 | @dCNY0.27 | |
| 091 | @a15171.133 | |
| 100 | @a19950728d1979 em y0chiy0121 ea | |
| 101 | 0 | @achi |
| 102 | @aCN@b310000 | |
| 105 | @ay z 000yy | |
| 200 | 10 | @a晶体管扩音机@Ajing ti guan kuo yin ji@e使用、原理和维修@f上海无线电十八厂编@FShang Hai Wu Xian Dian Shi Ba Chang Bian |
| 205 | @a新1版 | |
| 210 | @a上海@c上海科学技术出版社@d1979 | |
| 215 | @a94页@d19cm | |
| 606 | 0 | @a广播设备 |
| 690 | @aTN931@v3 | |
| 711 | 02 | @a上海无线电十八厂@4编 |
| 801 | 0 | @aCN@bNLC@c20060814 |
| 905 | @dTN931@e2=2@f1@b10122 | |
| 晶体管扩音机:使用、原理和维修/上海无线电十八厂编.-新1版.-上海:上海科学技术出版社,1979 |
| 94页;19cm |
| ISBN :CNY0.27 |
| ● |
| 相关链接 |
|
|
|
|
正题名:晶体管扩音机
索取号:TN931/2=2
 
预约/预借
| 序号 | 登录号 | 条形码 | 馆藏地/架位号 | 状态 | 备注 |
| 1 | 0010122 | 001324588 | 第三借阅区/ [索取号:TN931/2=2] | 在馆 | |
| 2 | 0016386 | 001324622 | 第二样本阅览室/ [索取号:TN931/2=2] | 在馆 | |
| 3 | 0018864 | 001324668 | 密集书库/ [索取号:TN931/2=2] | 在馆 | |
| 4 | 0018865 | 001324542 | 密集书库/ [索取号:TN931/2=2] | 在馆 | |
| 5 | 0437505 | 204375050 | 密集书库/ [索取号:TN931/2=2] | 在馆 | |
| 6 | 0437506 | 204375069 | 密集书库/ [索取号:TN931/2=2] | 在馆 | |
| 7 | 0437507 | 204375078 | 密集书库/ [索取号:TN931/2=2] | 在馆 | |
| 8 | 0437508 | 204375087 | 密集书库/ [索取号:TN931/2=2] | 在馆 | |
| 9 | 0437509 | 204375096 | 密集书库/ [索取号:TN931/2=2] | 在馆 | |
| 10 | 0451557 | 204515578 | 密集书库/ [索取号:TN931/2=2] | 在馆 | |
| 11 | 0458098 | 204580989 | 密集书库/ [索取号:TN931/2=2] | 在馆 | |
| 12 | 0458270 | 204582709 | 密集书库/ [索取号:TN931/2=2] | 在馆 |